MESTSKÁ KNIŽNICA GIRALTOVCE  - online katalóg 

Kleopatra (Record no. 12125)

000 -NÁVESTIE
fixed length control field 00580nam a2200217 a 4500
008 - ÚDAJE S PEVNOU DĹŽKOU – VŠEOBECNÉ INFORMÁCIE
fixed length control field 960119s1972||||xx 0 slv c
040 ## - ZDROJ KATALOGIZÁCIE
Pôvodná katalogizujúca agentúra SNK
Jazyk katalogizácie slo
Prepisujúca agentúra SNK
Konvencie popisu AACR2
041 1# - KÓD JAZYKA
Kód jazyka textu/zvukovej stopy alebo samostatných nápisov slo
080 ## - ČÍSLO MEDZINÁRODNÉHO DESATINNÉHO TRIEDENIA (MDT)
Číslo Medzinárodného desatinného triedenia (MDT) 830-3 Ludwig, E.=854
044 ## - KÓD KRAJINY VYDAVATEĽA/PRODUCENTA
Kód krajiny MARC xo
Kód krajiny ISO SK
020 ## - MEDZINÁRODNÉ ŠTANDARDNÉ ČÍSLO KNIHY (ISBN)
Údaje o dostupnosti 16
100 1# - OSOBNÉ MENÁ – VŠEOBECNÉ INFORMÁCIE
Osobné meno Ludwig, Emil
Kód roly aut
245 10 - NÁZOV
Názov Kleopatra
Údaj o zodpovednosti atď. Emil Ludwig ; přel. Perla Bžochová
250 ## - ÚDAJ O PORADÍ VYDANIA
Údaj o poradí vydania 1., vyd.
260 ## - VYDAVATEĽSKÉ ÚDAJE, DISTRIBÚCIA ATĎ.
Miesto publikovania, distribúcie atď. Bratislava
Názov vydavateľa, distibútora atď. Pravda
Dátum publikovania, distribúcie atď. 1972
Miesto výroby Žilina
Výrobca Tlač. záv.
300 ## - FYZICKÝ POPIS
Rozsah 249, [4] s.
Rozmery 20 cm
490 0# - EDÍCIA
Edícia Členská knižnica
700 1# - PRIDANÝ VSTUP – OSOBNÉ MENO
Osobné meno Bžochová, Perla
Kód roly trl
765 0# - VÄZBA NA PÔVODNÝ JAZYK
Názov ...
958 ## - Formálny deskriptor
Formálny deskriptor A
Holdings
Stav stiahnutia (Blokovanie) (Withrawn status) Stav straty Stav poškodenia (Damaged status) Nie pre výpožičky (Not for loan) Spôsob nadobudnutia (Collection code) Trvalé umiestnenie Aktuálne umiestnenie Dátum nadobudnutia Náklady, bežná kúpna cena Inventárne číslo (prírastkové číslo) Full call number Dátum posledného výskytu Cena s účinnosťou od Typ jednotky Koha
        Kúpa Mestská knižnica Giraltovce Mestská knižnica Giraltovce 2019-11-29 16.00 11427 B 5553 2019-11-29 2019-11-29 Krásna literatúra pre dospelých

Powered by Koha